Việt Nam trong lòng bạn bè quốc tế

Sưu tầm, tập hợp những lời phát biểu, những đánh giá, ghi nhận của nhân dân thế giới đối với đất nước, con người, lịch sử dựng nước và giữ nước, lịch sử cách mạng cũng như những thành tựu trong cuộc sống mới, hội nhập của Vi...

Celý popis

Uloženo v:
Podrobná bibliografie
Hlavní autor: Nguyễn, Sông Lam
Médium: Kniha
Jazyk:Undetermined
Vydáno: H. Thanh niên 2015
Témata:
On-line přístup:http://lrc.tdmu.edu.vn/opac/search/detail.asp?aID=2&ID=22945
Tagy: Přidat tag
Žádné tagy, Buďte první, kdo otaguje tento záznam!
Thư viện lưu trữ: Trung tâm Học liệu Trường Đại học Thủ Dầu Một
LEADER 01093nam a2200205Ia 4500
001 TDMU_22945
008 210410s9999 xx 000 0 und d
082 |a 959.7 
090 |b NG527 
100 |a Nguyễn, Sông Lam 
245 0 |a Việt Nam trong lòng bạn bè quốc tế 
245 0 |c Nguyễn Sông Lam (biên soạn) 
260 |a H. 
260 |b Thanh niên 
260 |c 2015 
300 |a 231tr. 
520 |a Sưu tầm, tập hợp những lời phát biểu, những đánh giá, ghi nhận của nhân dân thế giới đối với đất nước, con người, lịch sử dựng nước và giữ nước, lịch sử cách mạng cũng như những thành tựu trong cuộc sống mới, hội nhập của Việt Nam. 
650 |a Việt Nam  |x Bạn bè thế giới; Chính khách quốc tế  |x Góc nhìn Việt Nam 
856 |u http://lrc.tdmu.edu.vn/opac/search/detail.asp?aID=2&ID=22945 
980 |a Trung tâm Học liệu Trường Đại học Thủ Dầu Một